| 000 | 00769nam a2200205 a 4500 | ||
|---|---|---|---|
| 001 | 000729250 | ||
| 003 | AM-YEHGA | ||
| 005 | 20250618075332.0 | ||
| 008 | 100419s1961 |||| |||||||||||||rus d | ||
| 040 | _aAM-YeHGA | ||
| 041 | 1 |
_arus _heng |
|
| 100 | 1 |
_aՄոեմ, Սոմերսեթ, _d1874-1965 _98655 |
|
| 245 | 1 | 0 |
_aДождь : _bРассказы: Пер. с англ. / _cС. Моэм; Сост. М.Ф. Лорие; Предисл. Дж. Олдридж. |
| 260 |
_aМосква : _bИзд. иностранной литературы, _c1961. |
||
| 300 |
_a432 с. ; _c20 см. |
||
| 650 | 1 | 4 | _aАнглийские рассказы |
| 700 | 1 |
_aОлдридж, Джеймс _eпредисл. _4aui |
|
| 700 | 1 |
_aЛорие, М.Ф. _eсост. _4com |
|
| 090 | _c457483 | ||
| 999 |
_c454492 _d454492 |
||